| 000 | 004150000a22001090004500 | ||
|---|---|---|---|
| 090 |
_aAS _bSeriadas |
||
| 245 | 1 | 0 | _aOrobanchaceae vent., una familia de plantas holoparásitas nueva para el territorio colombiano |
| 041 | 0 | _aEspañol | |
| 100 | 1 |
_aFernández Alonso, José Luis _94621 |
|
| 942 | _cARTICULO | ||
| 773 | 1 |
_tRevista de la Academia Colombiana de Ciencias Exactas, Fisicas y Naturales _332 _h91 _q173-182 _d2000 _g24 |
|
| 999 |
_c14125 _d14125 |
||